CHEMISTRY FOR GREEN ENVIRONMENT (Record no. 24643)

MARC details
000 -LEADER
fixed length control field 00303nam a22001337a 4500
003 - CONTROL NUMBER IDENTIFIER
control field SGT
020 ## - INTERNATIONAL STANDARD BOOK NUMBER
International Standard Book Number 978-81-7319-620-1
082 ## - DEWEY DECIMAL CLASSIFICATION NUMBER
Classification number 676.0286
Item number SRI
100 ## - MAIN ENTRY--PERSONAL NAME
Personal name SRIVASTAVA, M.M.
245 ## - TITLE STATEMENT
Title CHEMISTRY FOR GREEN ENVIRONMENT
260 ## - PUBLICATION, DISTRIBUTION, ETC. (IMPRINT)
Place of publication, distribution, etc DELHI
Name of publisher, distributor, etc NAROSA PUB.
Year of Publication 2015
300 ## - PAGE DESCRIPTION
No. of Pages 364
942 ## - ADDED ENTRY ELEMENTS (KOHA)
Source of classification or shelving scheme Dewey Decimal Classification
Koha item type Books
Holdings
Withdrawn status Lost status Source of classification or shelving scheme Damaged status Not for loan Collection code Home library Current library Date acquired SGTU Bill Number Total Checkouts Full call number Accession No. (Barcode) Date last seen Bill Date Koha item type
    Dewey Decimal Classification     SCIENCE SGT Science & Social Sciences Library SGT Science & Social Sciences Library 02/08/2023 SGTU 16907   676.0286 SRI PS6870 02/08/2023   Books
    Dewey Decimal Classification     SCIENCE SGT Science & Social Sciences Library SGT Science & Social Sciences Library 02/08/2023 SGTU 16907   676.0286 SRI PS6871 02/08/2023   Books
    Dewey Decimal Classification     SCIENCE SGT Science & Social Sciences Library SGT Science & Social Sciences Library 02/08/2023 SGTU 16907   676.0286 SRI PS6872 02/08/2023   Books
    Dewey Decimal Classification     SCIENCE SGT Science & Social Sciences Library SGT Science & Social Sciences Library 02/08/2023 SGTU 16907   676.0286 SRI PS6873 02/08/2023   Books
    Dewey Decimal Classification     SCIENCE SGT Science & Social Sciences Library SGT Science & Social Sciences Library 02/08/2023 SGTU 16907   676.0286 SRI PS6874 02/08/2023   Books